000 01177nam a22003497a 4500
003 CHAP
005 20220329140354.0
008 971013s1969 r 00010 d
010 _a51060
011 _a52032
035 _a56182
040 _cCHAP
090 _aTesis
100 0 0 _aRodríguez Ramos, Ricardo.
_998824
245 _aHerencia de la fertilidad restauradora en una línea de trigo hexaploide derivada de la cruza Triticum timopheevi x Marquis 2
260 _aChapingo, Méx. :
_bEl autor,
_c1969
300 _a56 h.
502 _aTesis (M. C.) -- ENA. Colegio de Postgraduados
590 _aALEPH
_b10
_c20130110
_lUCH01
_h1326
590 _aBATCH-UPD
_b10
_c20130110
_lUCH01
_h0734
590 _aBATCH-UPD
_b10
_c20130410
_lUCH01
_h0417
590 _aBATCH-UPD
_b10
_c20130914
_lUCH01
_h2007
590 _aCONVERSION
_b10
_c20130109
_lUCH01
_h1328
650 1 4 _aTrigo
_xGenética.
_9115030
650 1 4 _aTrigo
_xMejoramiento.
_9115057
650 1 4 _aTrigo
_xVariedades.
_9115119
901 _aBK
942 _cFOLL
949 _bBC
_cTES
_d-122852
_eTS1
_i56182
_si
949 _bBC
_cTES
_d-122853
_eTS2
_fc.2
_i56182
_si
949 _bBC
_cTES
_d-122854
_eTS2
_fc.3
_i56182
_si
999 _c51060
_d51060